00955 a2200205 4500001000700000003000400007005001700011008004100028082001600069100002400085245008900109260004500198300001000243653015400253942001200407999001500419952010500434952010500539952010500644068250OSt20220215161555.0  a337.7bS55E1 aSengupta, Ramprasad1 aEcology and economics: an approach to sustainable developmentcby Ramprasad Sengupta aNew DelhibOxford University Pressc2009 a264p. aSustainable development; India;Economic development--Environmental aspects; Human ecology; Conservation of natural resources; Environmental economics 2ddccBK c1965d1965 001040708TXBaCURAJbCURAJd2012-03-07eECOg275.00o337.7 S55Ep2539r2024-11-21w2020-09-02yBK 001040708TXBaCURAJbCURAJd2012-03-07eECOg275.00o337.7 S55Ep2538r2024-11-21w2020-09-02yBK 001040708TXBaCURAJbCURAJd2012-03-07eECOg275.00o337.7 S55Ep2537r2024-11-21w2020-09-02yBK